|
|
|
|
| LEADER |
01503nam a2200301 i 4500 |
| 001 |
c000187340 |
| 003 |
CARM |
| 005 |
20050428203253.0 |
| 008 |
770617m19601962ne 000 0 fre d |
| 019 |
1 |
|
|a 8757735
|z 40746129
|z 26996618
|5 LACONCORD2021
|
| 035 |
|
|
|a (OCoLC)3050189
|5 LACONCORD2021
|
| 040 |
|
|
|a BMC
|b eng
|c BMC
|d m.c.
|d CRL
|d VU
|
| 041 |
0 |
|
|a engfreger
|
| 111 |
2 |
|
|a Congrès pour l'avancement des études de stratigraphie et de géologie du carbonifère
|n (4th :,
|d 1958 :
|c Heerlen, Netherlands)
|
| 245 |
1 |
0 |
|a Quatrième Congrès pour l'Avancement des Études de Stratigraphie et de Géologie du Carbonifère, Heerlen, 15-20 septembre 1958 :
|b Compte rendu.
|
| 260 |
|
|
|a Maestricht :
|b Van Aelst,
|c 1960-1962.
|
| 300 |
|
|
|a 3 v. :
|b ill. ;
|c 29 cm.
|
| 500 |
|
|
|a English, French or German.
|
| 500 |
|
|
|a Includes bibliographies.
|
| 650 |
|
0 |
|a Geology
|x Congresses.
|
| 650 |
|
0 |
|a Geology, Stratigraphic
|y Carboniferous.
|
| 852 |
8 |
|
|b CARM
|h A2:AN29B0
|i D08453
|p 0250689
|f BK
|
| 852 |
8 |
|
|b CARM
|h A2:AN29B0
|i D08453
|p 0250690
|f BK
|
| 852 |
8 |
|
|b CARM
|h A2:AN29B0
|i D08453
|p 0250691
|f BK
|
| 999 |
f |
f |
|i f619a12b-5af0-52a5-9d6a-b5961f2b30d0
|s 73bd0444-81f9-566a-821e-71f0e3abbc3a
|
| 952 |
f |
f |
|p Can circulate
|a CAVAL
|b CAVAL
|c CAVAL
|d CARM 1 Store
|e D08453
|f A2:AN29B0
|h Other scheme
|i book
|j t.2
|m 0250690
|
| 952 |
f |
f |
|p Can circulate
|a CAVAL
|b CAVAL
|c CAVAL
|d CARM 1 Store
|e D08453
|f A2:AN29B0
|h Other scheme
|i book
|j t.3
|m 0250691
|
| 952 |
f |
f |
|p Can circulate
|a CAVAL
|b CAVAL
|c CAVAL
|d CARM 1 Store
|e D08453
|f A2:AN29B0
|h Other scheme
|i book
|j t.1
|m 0250689
|